[Event "Hollywood Masters"]
[Site "Los Angeles USA"]
[Date "2022.10.26"]
[Round "2.15"]
[White "Mikaelyan, Arman"]
[Black "Gedajlovic, Max"]
[Result "1-0"]
[WhiteElo "2556"]
[BlackElo "2317"]
[PlyCount "115"]
[EventDate "2022.10.26"]
[EventType "swiss"]
[EventRounds "9"]
[EventCountry "USA"]
[Source "ChessMix "]
[SourceDate "2022.11.01"]

1. Nf3 d5 2. d4 Nf6 3. c4 e6 4. Nc3 c5 5. cxd5 Nxd5 6. e3 Nc6 7. Bd3 Be7 8. O-O
O-O 9. Nxd5 Qxd5 10. e4 Qd8 11. dxc5 e5 12. Be3 Bg4 13. Be2 Bxf3 14. Bxf3 Qa5
15. Qd5 Rfd8 16. Qc4 Nd4 17. Rac1 Rac8 18. b4 Qa4 19. Bd1 Qc6 20. Bb3 Qg6 21.
Rfd1 Bf6 22. Bxd4 exd4 23. Qd3 a5 24. a3 axb4 25. axb4 Be5 26. Bd5 Rc7 27. g3
h5 28. Kh1 Re7 29. Qf3 h4 30. b5 Qg5 31. b6 g6 32. Kg2 Kg7 33. Rc2 Rh8 34. Rd3
Qh6 35. Kf1 Qg5 36. Ra3 Bb8 37. Ra4 Qe5 38. Qd3 Qh5 39. Qxd4+ Be5 40. Qd3 hxg3
41. fxg3 Bxg3 42. hxg3 Qh1+ 43. Kf2 Rh2+ 44. Ke3 Qg1+ 45. Kf4 g5+ 46. Kg4 Rh4+
47. Kxg5 Rh6 48. e5 Rxe5+ 49. Kf4 f6 50. Ra7 Rg6 51. Rxb7+ Kh6 52. Be4 Rxe4+
53. Kxe4 Qh1+ 54. Kf4 Qxb7 55. c6 Qb8+ 56. c7 Qc8 57. Qf5 Qf8 58. Rh2+ 1-0

[Event "Hollywood Masters"]
[Site "Los Angeles USA"]
[Date "2022.10.27"]
[Round "4.20"]
[White "Wang, Tianqi"]
[Black "Gedajlovic, Max"]
[Result "0-1"]
[WhiteElo "2431"]
[BlackElo "2317"]
[PlyCount "104"]
[EventDate "2022.10.26"]
[EventType "swiss"]
[EventRounds "9"]
[EventCountry "USA"]
[Source "ChessMix "]
[SourceDate "2022.11.01"]

1. e4 e5 2. Nf3 Nc6 3. Nc3 Nf6 4. d4 exd4 5. Nxd4 Bb4 6. Nxc6 bxc6 7. Bd3 O-O
8. O-O Re8 9. Re1 d6 10. Bg5 h6 11. Bh4 g5 12. Bg3 Bg4 13. f3 Bh5 14. Qd2 Bg6
15. a3 Bc5+ 16. Bf2 Bxf2+ 17. Qxf2 Nh5 18. Bf1 Qf6 19. g3 Rab8 20. Rab1 a5 21.
Bh3 d5 22. Bg4 Ng7 23. Qc5 dxe4 24. fxe4 Re5 25. Qa7 Rbe8 26. Qxc7 R5e7 27. Qb6
Bxe4 28. Rf1 Qg6 29. Rbe1 Bxc2 30. Rxe7 Rxe7 31. Qxa5 Qd6 32. Bf3 Qd4+ 33. Rf2
Re1+ 34. Kg2 Nf5 35. Nd5 Rc1 36. Qd2 Qxd2 37. Nf6+ Kg7 38. Nh5+ Kg6 39. Rxd2
Bd1 40. Be4 Bxh5 41. Rd6+ f6 42. h3 Re1 43. Bxf5+ Kxf5 44. g4+ Bxg4 45. hxg4+
Kxg4 46. Rxf6 h5 47. Rxc6 Re2+ 48. Kg1 Rxb2 49. Rc4+ Kg3 50. Rc3+ Kh4 51. Rc5
Ra2 52. Rc3 g4 0-1

[Event "Hollywood Masters"]
[Site "Los Angeles USA"]
[Date "2022.10.28"]
[Round "5.15"]
[White "Gedajlovic, Max"]
[Black "Siddharth, Jagadeesh"]
[Result "1/2-1/2"]
[WhiteElo "2317"]
[BlackElo "2415"]
[PlyCount "34"]
[EventDate "2022.10.26"]
[EventType "swiss"]
[EventRounds "9"]
[EventCountry "USA"]
[Source "ChessMix "]
[SourceDate "2022.11.01"]

1. e4 e5 2. Nf3 Nf6 3. d4 Nxe4 4. Bd3 d5 5. Nxe5 Nd7 6. Nxd7 Bxd7 7. O-O Bd6 8.
Nc3 Nxc3 9. bxc3 O-O 10. Qh5 f5 11. Re1 g6 12. Qf3 Bc6 13. Bf4 Qh4 14. Bxd6
cxd6 15. a4 Rae8 16. a5 a6 17. g3 Qd8 1/2-1/2

[Event "Hollywood Masters"]
[Site "Los Angeles USA"]
[Date "2022.10.28"]
[Round "6.13"]
[White "Raja, Harshit"]
[Black "Gedajlovic, Max"]
[Result "1-0"]
[WhiteElo "2461"]
[BlackElo "2317"]
[PlyCount "113"]
[EventDate "2022.10.26"]
[EventType "swiss"]
[EventRounds "9"]
[EventCountry "USA"]
[Source "ChessMix "]
[SourceDate "2022.11.01"]

1. e4 e5 2. Nf3 Nc6 3. Bb5 Nf6 4. O-O Nxe4 5. d4 Nd6 6. Bxc6 dxc6 7. dxe5 Nf5
8. Qxd8+ Kxd8 9. Nc3 Ke8 10. h3 h5 11. Ne2 Ne7 12. Bg5 Ng6 13. Rfe1 Be7 14.
Ned4 Be6 15. b3 Rd8 16. Rad1 Bxg5 17. Nxg5 Ke7 18. g3 c5 19. Ndxe6 fxe6 20. h4
Rhe8 21. f4 Nh8 22. Kf2 Nf7 23. Nxf7 Kxf7 24. Kf3 Ke7 25. g4 hxg4+ 26. Kxg4
Rxd1 27. Rxd1 Rf8 28. h5 Rf5 29. Rh1 Rf8 30. Kg5 Rf5+ 31. Kg6 Rf7 32. Rh3 Kf8
33. Kg5 Rf5+ 34. Kg4 Ke7 35. Rc3 b6 36. b4 Kd7 37. bxc5 Kc6 38. cxb6+ Kxb6 39.
Rd3 Rf7 40. Rd8 Kc6 41. Re8 Kd5 42. c4+ Ke4 43. Rxe6 Rxf4+ 44. Kg5 Rf2 45. Kg6
Rxa2 46. Kxg7 Kf5 47. Rg6 Kxe5 48. h6 Rh2 49. h7 Rxh7+ 50. Kxh7 c5 51. Ra6 Kd4
52. Ra4 Kc3 53. Kg6 Kb3 54. Rxa7 Kxc4 55. Kf5 Kd3 56. Rd7+ Kc3 57. Ke4 1-0

[Event "Hollywood Masters"]
[Site "Los Angeles USA"]
[Date "2022.10.29"]
[Round "7.18"]
[White "Fus, Jakub"]
[Black "Gedajlovic, Max"]
[Result "0-1"]
[WhiteElo "2417"]
[BlackElo "2317"]
[PlyCount "92"]
[EventDate "2022.10.26"]
[EventType "swiss"]
[EventRounds "9"]
[EventCountry "USA"]
[Source "ChessMix "]
[SourceDate "2022.11.01"]

1. Nf3 d5 2. g3 g6 3. Bg2 Bg7 4. d4 Nf6 5. O-O O-O 6. c4 dxc4 7. Na3 Ne4 8.
Nxc4 Nd6 9. Nce5 Bf5 10. Bf4 Be4 11. h4 c6 12. Qc1 Nd7 13. Rd1 Nf6 14. Bh6 Bxh6
15. Qxh6 Nf5 16. Qf4 Qd6 17. Bh3 Bxf3 18. Nxf3 Qxf4 19. gxf4 e6 20. e3 a5 21.
Rdc1 Rfd8 22. Bf1 a4 23. a3 Kf8 24. Bd3 Ke7 25. Kg2 Ra5 26. Rc2 Nd5 27. Kh3
Nxf4+ 28. exf4 Nxd4 29. Nxd4 Rxd4 30. Be2 Rxf4 31. Kg3 Rd4 32. Rac1 e5 33. Bf3
f5 34. Rc4 Rd3 35. R1c3 Rad5 36. Kg2 e4 37. Be2 Rd2 38. Re3 Rxb2 39. f3 Rd3 40.
Kf2 Rxe3 41. Kxe3 Rb3+ 42. Kf4 exf3 43. Bxf3 Rxa3 44. Rb4 h6 45. Kg3 b5 46. Kf2
Rc3 0-1

[Event "Hollywood Masters"]
[Site "Los Angeles USA"]
[Date "2022.10.29"]
[Round "8.15"]
[White "Gedajlovic, Max"]
[Black "Chasin, Nico Werner"]
[Result "1/2-1/2"]
[WhiteElo "2317"]
[BlackElo "2429"]
[PlyCount "20"]
[EventDate "2022.10.26"]
[EventType "swiss"]
[EventRounds "9"]
[EventCountry "USA"]
[Source "ChessMix "]
[SourceDate "2022.11.01"]

1. d4 Nf6 2. c4 e6 3. Bf4 Bb4+ 4. Nd2 d5 5. a3 Bd6 6. Bxd6 Qxd6 7. Ngf3 O-O 8.
e3 Nbd7 9. cxd5 exd5 10. Bd3 c6 1/2-1/2

[Event "Hollywood Masters"]
[Site "Los Angeles USA"]
[Date "2022.10.30"]
[Round "9.11"]
[White "Schitco, Ivan"]
[Black "Gedajlovic, Max"]
[Result "1/2-1/2"]
[WhiteElo "2530"]
[BlackElo "2317"]
[PlyCount "68"]
[EventDate "2022.10.26"]
[EventType "swiss"]
[EventRounds "9"]
[EventCountry "USA"]
[Source "ChessMix "]
[SourceDate "2022.11.01"]

1. c4 e5 2. Nf3 Nc6 3. d4 exd4 4. Nxd4 Bc5 5. e3 Bxd4 6. exd4 d5 7. Nc3 Nge7 8.
Be2 Be6 9. Bf3 O-O 10. O-O Qd7 11. Be3 Rad8 12. c5 Nf5 13. Qd2 Rfe8 14. Rae1 b6
15. cxb6 axb6 16. b3 h6 17. Be2 Nce7 18. Bb5 c6 19. Bd3 Nxe3 20. Rxe3 Bf5 21.
Be2 Nc8 22. Na4 Qa7 23. Rc1 Rxe3 24. fxe3 Bd7 25. Bd3 Re8 26. Re1 c5 27. Nc3
Bc6 28. Bb5 Bxb5 29. Nxb5 Qd7 30. Nc3 Ne7 31. dxc5 bxc5 32. e4 d4 33. Na4 Qa7
34. Qc2 c4 1/2-1/2

[Event "Saint Louis 1000GM-3 GM"]
[Site "Saint Louis USA"]
[Date "2022.09.21"]
[Round "1.4"]
[White "Williams, Justus"]
[Black "Gedajlovic, Max"]
[Result "1-0"]
[WhiteElo "2392"]
[BlackElo "2343"]
[PlyCount "63"]
[EventDate "2022.09.21"]
[EventType "tourn"]
[EventRounds "9"]
[EventCountry "USA"]
[EventCategory "6"]
[Source "ChessMix"]
[SourceDate "2022.10.01"]

1. e4 e5 2. Nf3 Nc6 3. Bc4 Bc5 4. O-O Nf6 5. d3 O-O 6. Nc3 h6 7. a3 a6 8. b4
Bd4 9. Nxd4 exd4 10. Ne2 d5 11. exd5 Nxd5 12. Nf4 Nxf4 13. Bxf4 Be6 14. Bxe6
fxe6 15. Qg4 Rf6 16. Rae1 Qd7 17. Re4 Raf8 18. Bg3 Rf5 19. Qe2 R8f6 20. Re1 a5
21. Qg4 axb4 22. axb4 Qf7 23. Bh4 g5 24. Bg3 h5 25. Qd1 h4 26. Be5 Nxe5 27.
Rxe5 Kh7 28. h3 Rxe5 29. Rxe5 Rf5 30. Qe2 Qf6 31. Rxe6 Qf8 32. Qh5+ 1-0

[Event "Saint Louis 1000GM-3 GM"]
[Site "Saint Louis USA"]
[Date "2022.09.22"]
[Round "2.2"]
[White "Gedajlovic, Max"]
[Black "Stearman, Josiah"]
[Result "0-1"]
[WhiteElo "2343"]
[BlackElo "2387"]
[PlyCount "50"]
[EventDate "2022.09.21"]
[EventType "tourn"]
[EventRounds "9"]
[EventCountry "USA"]
[EventCategory "6"]
[Source "ChessMix"]
[SourceDate "2022.10.01"]

1. d4 Nf6 2. Nf3 e6 3. c4 d5 4. Nc3 c6 5. e3 Nbd7 6. Qc2 Bd6 7. b3 O-O 8. Be2
b6 9. Bb2 Bb7 10. O-O Qe7 11. Rfe1 Rfe8 12. e4 e5 13. cxd5 cxd5 14. Bb5 dxe4
15. Nxe5 Nxe5 16. dxe5 Qxe5 17. g3 Rec8 18. Bc4 b5 19. Nd5 Qg5 20. Nxf6+ gxf6
21. Qd1 Rd8 22. Bf1 Bc5 23. Qc1 e3 24. Rxe3 Qd5 25. f3 Re8 0-1

[Event "Saint Louis 1000GM-3 GM"]
[Site "Saint Louis USA"]
[Date "2022.09.22"]
[Round "3.5"]
[White "Tugstumur, Yesuntumur"]
[Black "Gedajlovic, Max"]
[Result "1/2-1/2"]
[WhiteElo "2375"]
[BlackElo "2343"]
[PlyCount "68"]
[EventDate "2022.09.21"]
[EventType "tourn"]
[EventRounds "9"]
[EventCountry "USA"]
[EventCategory "6"]
[Source "ChessMix"]
[SourceDate "2022.10.01"]

1. d4 Nf6 2. c4 e6 3. g3 d5 4. Bg2 Bb4+ 5. Bd2 a5 6. Nf3 O-O 7. O-O dxc4 8. Bg5
h6 9. Bxf6 Qxf6 10. Qc2 Nc6 11. Qxc4 e5 12. d5 Nb8 13. Nc3 Na6 14. Nd2 Bd7 15.
a3 Bd6 16. e4 a4 17. Rae1 Bc5 18. Nxa4 b5 19. Nxc5 bxc4 20. Nxd7 Qg5 21. f4 Qe7
22. Nxf8 Nc5 23. Re3 Ra4 24. fxe5 Qxe5 25. Ref3 Qxb2 26. Rxf7 c3 27. Ne6 cxd2
28. Rxg7+ Qxg7 29. Nxg7 Kxg7 30. Rd1 Nb3 31. e5 Rxa3 32. d6 cxd6 33. exd6 Ra6
34. Bd5 Nc5 1/2-1/2

[Event "Saint Louis 1000GM-3 GM"]
[Site "Saint Louis USA"]
[Date "2022.09.23"]
[Round "4.1"]
[White "Raja, Harshit"]
[Black "Gedajlovic, Max"]
[Result "1/2-1/2"]
[WhiteElo "2459"]
[BlackElo "2343"]
[PlyCount "29"]
[EventDate "2022.09.21"]
[EventType "tourn"]
[EventRounds "9"]
[EventCountry "USA"]
[EventCategory "6"]
[Source "ChessMix"]
[SourceDate "2022.10.01"]

1. e4 e5 2. Nf3 Nc6 3. Bb5 a6 4. Ba4 Nge7 5. Nc3 d6 6. h3 Bd7 7. a3 Nd4 8.
Bxd7+ Qxd7 9. d3 g6 10. Bg5 Bg7 11. Bxe7 Nxf3+ 12. Qxf3 Qxe7 13. Nd5 Qd8 14. h4
h5 15. O-O-O 1/2-1/2

[Event "Saint Louis 1000GM-3 GM"]
[Site "Saint Louis USA"]
[Date "2022.09.23"]
[Round "5.5"]
[White "Gedajlovic, Max"]
[Black "Antipov, Mikhail Al"]
[Result "0-1"]
[WhiteElo "2343"]
[BlackElo "2603"]
[PlyCount "64"]
[EventDate "2022.09.21"]
[EventType "tourn"]
[EventRounds "9"]
[EventCountry "USA"]
[EventCategory "6"]
[Source "ChessMix"]
[SourceDate "2022.10.01"]

1. e4 e5 2. Nf3 Nc6 3. Bc4 Bc5 4. Nc3 Nf6 5. d3 h6 6. O-O d6 7. Na4 Bb6 8. c3
O-O 9. Nxb6 axb6 10. b4 Ne7 11. h3 c6 12. Re1 b5 13. Bb3 Ng6 14. c4 bxc4 15.
dxc4 Be6 16. c5 dxc5 17. Qxd8 Rfxd8 18. Bxe6 fxe6 19. bxc5 Ra4 20. Be3 Nxe4 21.
h4 Nf6 22. g3 e4 23. Nd2 Ne5 24. Kg2 Nd5 25. Nb3 Nd3 26. Re2 e5 27. Bd2 Rda8
28. Be1 Ra3 29. Rd1 R8a4 30. Kf1 Rxa2 31. Bd2 Rb2 32. Na5 Nxc5 0-1

[Event "Saint Louis 1000GM-3 GM"]
[Site "Saint Louis USA"]
[Date "2022.09.24"]
[Round "6.2"]
[White "Kaliksteyn, Alexander"]
[Black "Gedajlovic, Max"]
[Result "1/2-1/2"]
[WhiteElo "2393"]
[BlackElo "2343"]
[PlyCount "50"]
[EventDate "2022.09.21"]
[EventType "tourn"]
[EventRounds "9"]
[EventCountry "USA"]
[EventCategory "6"]
[Source "ChessMix"]
[SourceDate "2022.10.01"]

1. d4 Nf6 2. Nf3 e6 3. Bf4 c5 4. e3 d5 5. Nbd2 Nc6 6. c3 Nh5 7. Bg5 f6 8. Bh4
g6 9. Bd3 cxd4 10. cxd4 Be7 11. O-O O-O 12. Rc1 Bd7 13. a3 Qe8 14. Nb3 g5 15.
Bg3 Nxg3 16. fxg3 g4 17. Nfd2 f5 18. Nc5 Bg5 19. Re1 Nd8 20. Nxd7 Qxd7 21. Qc2
Rf7 22. Nf1 Re7 23. Qc5 Nf7 24. Rc2 Nd6 25. Rec1 Ree8 1/2-1/2

[Event "Saint Louis 1000GM-3 GM"]
[Site "Saint Louis USA"]
[Date "2022.09.24"]
[Round "7.4"]
[White "Gedajlovic, Max"]
[Black "Chandra, Akshat"]
[Result "1/2-1/2"]
[WhiteElo "2343"]
[BlackElo "2471"]
[PlyCount "62"]
[EventDate "2022.09.21"]
[EventType "tourn"]
[EventRounds "9"]
[EventCountry "USA"]
[EventCategory "6"]
[Source "ChessMix"]
[SourceDate "2022.10.01"]

1. e4 c5 2. Nf3 Nc6 3. Bb5 e6 4. O-O Nge7 5. d4 cxd4 6. Nxd4 Ng6 7. Be3 Be7 8.
Be2 O-O 9. c4 Nxd4 10. Qxd4 b6 11. Nc3 Bb7 12. Rad1 Bc6 13. Qd2 Qb8 14. a3 f5
15. exf5 Nh4 16. f3 Nxf5 17. Bf2 Bd6 18. g3 Bxg3 19. hxg3 Nxg3 20. Qd6 Qxd6 21.
Rxd6 Nxf1 22. Kxf1 Rf5 23. Ne4 Bxe4 24. fxe4 Rf4 25. Kg2 Raf8 26. Bg3 Rxe4 27.
Bd3 Re3 28. Bf2 Ref3 29. Bg3 Re3 30. Bf2 Ref3 31. Bg3 Re3 1/2-1/2

[Event "Saint Louis 1000GM-3 GM"]
[Site "Saint Louis USA"]
[Date "2022.09.25"]
[Round "8.3"]
[White "Kretchetov, A."]
[Black "Gedajlovic, Max"]
[Result "0-1"]
[WhiteElo "2144"]
[BlackElo "2343"]
[PlyCount "69"]
[EventDate "2022.09.21"]
[EventType "tourn"]
[EventRounds "9"]
[EventCountry "USA"]
[EventCategory "6"]
[Source "ChessMix"]
[SourceDate "2022.10.01"]

1. Nf3 d5 2. d4 Nf6 3. c4 e6 4. Nc3 Bb4 5. e3 O-O 6. Bd2 b6 7. cxd5 exd5 8. Bd3
Bd6 9. O-O Re8 10. Qb1 Nbd7 11. b4 c5 12. bxc5 bxc5 13. Qc2 c4 14. Bf5 Nb6 15.
Rab1 Ne4 16. Bxc8 Rxc8 17. Ne2 Qd7 18. Ba5 Rc6 19. Nc3 Bc7 20. Rfd1 Nxc3 21.
Bxc3 Rh6 22. Ne5 Qe6 23. Rb5 f6 24. Nf3 g5 25. h3 g4 26. hxg4 Qxg4 27. Ba5 Qh5
28. Kf1 Rg6 29. Bxb6 Bf4 30. Kg1 Rxe3 31. Rxd5 Rxg2+ 32. Kxg2 Qxf3+ 33. Kg1
Qg4+ 34. Kf1 Qg6 35. Rb5 0-1

[Event "Maia op"]
[Site "Maia POR"]
[Date "2022.08.29"]
[Round "5.9"]
[White "Albornoz Cabrera, Carlos Daniel"]
[Black "Gedajlovic, Max"]
[Result "1-0"]
[WhiteElo "2578"]
[BlackElo "2316"]
[PlyCount "70"]
[EventDate "2022.08.26"]
[EventType "swiss"]
[EventRounds "9"]
[EventCountry "POR"]
[Source "ChessMix"]
[SourceDate "2022.09.10"]

1. Nf3 d5 2. d4 Nf6 3. c4 e6 4. Nc3 a6 5. cxd5 exd5 6. Bg5 Be6 7. e3 Nbd7 8.
Bd3 Bd6 9. O-O O-O 10. h3 c6 11. Bf4 Qc7 12. Qd2 Rfe8 13. Rfe1 h6 14. Rac1 Nh5
15. Bxd6 Qxd6 16. Qc2 g6 17. Ne2 Ng7 18. Ng3 a5 19. Qd2 f5 20. Nh4 Bf7 21. f4
Qb4 22. Rc3 c5 23. a3 Qb6 24. Nf3 c4 25. Bc2 Qc6 26. a4 Qd6 27. Ne5 Nxe5 28.
dxe5 Qb4 29. Ne2 Red8 30. Nd4 Be8 31. g4 Bd7 32. Kh2 fxg4 33. Bxg6 Qe7 34. Qf2
Rf8 35. Qg2 Kh8 1-0

[Event "Maia op"]
[Site "Maia POR"]
[Date "2022.09.01"]
[Round "9.11"]
[White "Grigorian, Spartak"]
[Black "Gedajlovic, Max"]
[Result "1/2-1/2"]
[WhiteElo "2469"]
[BlackElo "2316"]
[PlyCount "29"]
[EventDate "2022.08.26"]
[EventType "swiss"]
[EventRounds "9"]
[EventCountry "POR"]
[Source "ChessMix"]
[SourceDate "2022.09.10"]

1. Nf3 d5 2. e3 c5 3. b3 Nf6 4. Bb2 Bg4 5. h3 Bxf3 6. Qxf3 Nc6 7. Bb5 Rc8 8.
Bxf6 gxf6 9. e4 dxe4 10. Qxe4 Qd4 11. Nc3 e6 12. Qxd4 cxd4 13. Ne2 Bc5 14. c3
dxc3 15. dxc3 1/2-1/2

[Event "Tras-os-Montes op"]
[Site "Mirandela POR"]
[Date "2022.08.18"]
[Round "2.4"]
[White "Gedajlovic, Max"]
[Black "Pulvett Marin, Daniel Eduardo"]
[Result "1-0"]
[WhiteElo "2316"]
[BlackElo "2522"]
[PlyCount "101"]
[EventDate "2022.08.17"]
[EventType "swiss"]
[EventRounds "9"]
[EventCountry "POR"]
[Source "ChessMix"]
[SourceDate "2022.09.01"]

1. e4 c5 2. Nf3 d6 3. Bb5+ Nc6 4. O-O Bd7 5. Re1 Nf6 6. c3 a6 7. Bf1 Bg4 8. d4
cxd4 9. cxd4 e5 10. d5 Nd4 11. Be3 Nxf3+ 12. gxf3 Bd7 13. Nd2 b5 14. b3 Be7 15.
a4 O-O 16. axb5 axb5 17. Rxa8 Qxa8 18. Qa1 Rc8 19. b4 Bd8 20. Nb3 Qb8 21. Qa6
Ne8 22. Na5 Kf8 23. Ra1 Ke7 24. Ba7 Qc7 25. Be3 Qc3 26. Nc6+ Rxc6 27. dxc6 Qxc6
28. Qa7 Qc7 29. f4 exf4 30. Bxf4 Qxa7 31. Rxa7 Bc7 32. Be3 Bc6 33. f3 Kd8 34.
Ra2 Kc8 35. Rd2 Kb7 36. Bd3 Bb6 37. Kf2 Nc7 38. Bc2 d5 39. Bxb6 Kxb6 40. Ke3 g6
41. Bb3 dxe4 42. fxe4 f5 43. e5 g5 44. e6 f4+ 45. Kf2 Be8 46. Rd6+ Ka7 47. e7
h5 48. Bd5 h4 49. Bc6 Bh5 50. Rh6 Bf7 51. Rf6 1-0

[Event "Tras-os-Montes op"]
[Site "Mirandela POR"]
[Date "2022.08.18"]
[Round "3.8"]
[White "Arenas Vanegas, David"]
[Black "Gedajlovic, Max"]
[Result "1-0"]
[WhiteElo "2421"]
[BlackElo "2316"]
[PlyCount "118"]
[EventDate "2022.08.17"]
[EventType "swiss"]
[EventRounds "9"]
[EventCountry "POR"]
[Source "ChessMix"]
[SourceDate "2022.09.01"]

1. d4 Nf6 2. Nf3 e6 3. g3 b6 4. Bg2 Bb7 5. O-O g6 6. c4 Bg7 7. Re1 O-O 8. b3 d5
9. Bb2 dxc4 10. bxc4 c5 11. dxc5 Qxd1 12. Rxd1 bxc5 13. Nbd2 Nbd7 14. Ne1 Bxg2
15. Kxg2 Rfc8 16. Nd3 Ng4 17. Rab1 Bxb2 18. Rxb2 Rc7 19. Rdb1 Nge5 20. Rb7 Rac8
21. f4 Nc6 22. e3 Nd8 23. R7b5 Nb6 24. Kf3 Nb7 25. Ne4 Rd8 26. Ke2 Kg7 27. g4
Nd6 28. Nxd6 Rxd6 29. Rc1 Nd7 30. a4 a6 31. Rb2 e5 32. fxe5 Re6 33. a5 Nxe5 34.
Nxe5 Rxe5 35. Rb6 Rce7 36. Rc3 R5e6 37. Kf3 Kf6 38. Rd3 h6 39. h4 Rxb6 40. axb6
Ke6 41. Ra3 Rb7 42. Rxa6 Ke5 43. h5 gxh5 44. gxh5 f6 45. Ra5 Rxb6 46. Rxc5+ Ke6
47. Ke4 Rb1 48. Rc6+ Ke7 49. Rc7+ Ke6 50. Rh7 Rc1 51. Kd3 Ke5 52. Rxh6 Rd1+ 53.
Kc3 Re1 54. Kd2 Ra1 55. Rh8 Ra2+ 56. Kc3 Ra3+ 57. Kb4 Ra1 58. h6 Ra7 59. c5 Kd5
1-0

[Event "Tras-os-Montes op"]
[Site "Mirandela POR"]
[Date "2022.08.19"]
[Round "4.26"]
[White "Gedajlovic, Max"]
[Black "Bottazzi, Ulysse"]
[Result "1/2-1/2"]
[WhiteElo "2316"]
[BlackElo "2114"]
[PlyCount "155"]
[EventDate "2022.08.17"]
[EventType "swiss"]
[EventRounds "9"]
[EventCountry "POR"]
[Source "ChessMix"]
[SourceDate "2022.09.01"]

1. d4 Nf6 2. c4 g6 3. Nc3 Bg7 4. e4 d6 5. h4 c5 6. d5 e6 7. Be2 exd5 8. exd5
O-O 9. h5 Re8 10. h6 Bh8 11. Bg5 Qb6 12. b3 Ne4 13. Nxe4 Rxe4 14. Kf1 Nd7 15.
Nf3 Re8 16. Rc1 Nf6 17. Nd2 Qc7 18. Rh4 Bf5 19. g4 Ne4 20. Nxe4 Bxe4 21. Qd2
Bd4 22. Rh3 f5 23. Be3 Bxe3 24. Rxe3 f4 25. Rh3 g5 26. b4 Re5 27. bxc5 Qxc5 28.
Rb3 b6 29. a4 Rae8 30. Bd1 Qc7 31. a5 bxa5 32. f3 Bg6 33. c5 Qf7 34. Rb2 Qf8
35. Ba4 Qxh6 36. Kg1 Rf8 37. cxd6 Bf7 38. d7 Rxd5 39. Qf2 Qd6 40. Rc8 Be6 41.
Qxa7 Bxd7 42. Rxf8+ Kxf8 43. Bxd7 Rd1+ 44. Kg2 Rd2+ 45. Rxd2 Qxd2+ 46. Kh3 Qe1
47. Qc5+ Kf7 48. Qf5+ Ke7 49. Qxg5+ Kxd7 50. Qxf4 Qh1+ 51. Kg3 Qe1+ 52. Kg2
Qe2+ 53. Kh3 Qf1+ 54. Kh4 Qa1 55. Qf7+ Kc6 56. Qe8+ Kb6 57. Qe6+ Kb5 58. f4 a4
59. Qd7+ Kb6 60. Qd6+ Kb5 61. f5 a3 62. Qd5+ Kb6 63. Qe6+ Kb5 64. Qe2+ Kb6 65.
Qf2+ Kb5 66. Qe2+ Kb6 67. Qe6+ Kb5 68. Qd5+ Kb6 69. Qb3+ Kc6 70. Qf3+ Kb6 71.
f6 a2 72. Qf2+ Kb5 73. Qf5+ Kb6 74. Qe6+ Kb5 75. Qd5+ Kb6 76. Qe6+ Kb5 77. Qd5+
Kb6 78. Qe6+ 1/2-1/2

[Event "Tras-os-Montes op"]
[Site "Mirandela POR"]
[Date "2022.08.20"]
[Round "5.24"]
[White "Kovacs, Klara"]
[Black "Gedajlovic, Max"]
[Result "1/2-1/2"]
[WhiteElo "2098"]
[BlackElo "2316"]
[PlyCount "90"]
[EventDate "2022.08.17"]
[EventType "swiss"]
[EventRounds "9"]
[EventCountry "POR"]
[Source "ChessMix"]
[SourceDate "2022.09.01"]

1. d4 Nf6 2. Nf3 d5 3. g3 e6 4. Bg2 b5 5. a4 b4 6. c4 bxc3 7. bxc3 Ba6 8. Ne5
Nfd7 9. f4 Nxe5 10. fxe5 f5 11. exf6 Qxf6 12. Bf4 Bd6 13. O-O Qe7 14. Bxd6 cxd6
15. Na3 Nd7 16. c4 Nf6 17. Nb5 O-O 18. cxd5 exd5 19. Qb3 Kh8 20. Bf3 Rab8 21.
Qb4 Ne4 22. Rac1 Qg5 23. Kg2 Nd2 24. Qxd6 Nxf1 25. Rxf1 Bxb5 26. axb5 Rbe8 27.
Qc5 Rf7 28. h4 Qd8 29. Ra1 Rc7 30. Qxd5 Rxe2+ 31. Kf1 Re8 32. Qxd8 Rxd8 33. Bc6
Kg8 34. d5 Kf8 35. Re1 Rd6 36. Re8+ Kf7 37. Rh8 h6 38. Ke2 Re7+ 39. Kd3 Rg6 40.
Kd4 Re1 41. Ra8 Rd1+ 42. Ke5 Re1+ 43. Kd4 Rd1+ 44. Ke5 Re1+ 45. Kd4 Rd1+
1/2-1/2

[Event "Tras-os-Montes op"]
[Site "Mirandela POR"]
[Date "2022.08.20"]
[Round "6.22"]
[White "Gedajlovic, Max"]
[Black "Pandey, Srishti"]
[Result "1/2-1/2"]
[WhiteElo "2316"]
[BlackElo "2101"]
[PlyCount "66"]
[EventDate "2022.08.17"]
[EventType "swiss"]
[EventRounds "9"]
[EventCountry "POR"]
[Source "ChessMix"]
[SourceDate "2022.09.01"]

1. d4 d5 2. Nf3 Nf6 3. e3 e6 4. Bd3 c5 5. b3 Nc6 6. Bb2 a6 7. O-O Bd6 8. Nbd2
O-O 9. a3 Qe7 10. Ne5 Qc7 11. f4 cxd4 12. exd4 Qb6 13. Kh1 g6 14. Qf3 Ne8 15.
c4 Bb8 16. cxd5 exd5 17. Qxd5 Be6 18. Qf3 Nxd4 19. Qf2 Ba7 20. Ndc4 Qd8 21.
Rad1 Nf5 22. Qf3 Qh4 23. Bxf5 Bxf5 24. Qxb7 Ng7 25. Nc6 Bc5 26. b4 Nh5 27. Rf3
Rae8 28. bxc5 Re1+ 29. Rf1 Ng3+ 30. Kg1 Ne2+ 31. Kh1 Ng3+ 32. Kg1 Ne2+ 33. Kh1
Ng3+ 1/2-1/2

[Event "Tras-os-Montes op"]
[Site "Mirandela POR"]
[Date "2022.08.21"]
[Round "7.25"]
[White "Stewart, Ashley"]
[Black "Gedajlovic, Max"]
[Result "0-1"]
[WhiteElo "2085"]
[BlackElo "2316"]
[PlyCount "54"]
[EventDate "2022.08.17"]
[EventType "swiss"]
[EventRounds "9"]
[EventCountry "POR"]
[Source "ChessMix"]
[SourceDate "2022.09.01"]

1. d4 e6 2. c4 b6 3. e4 Bb4+ 4. Bd2 Bxd2+ 5. Qxd2 d5 6. cxd5 exd5 7. e5 Ne7 8.
f4 O-O 9. Nf3 c5 10. Nc3 Nbc6 11. Bb5 Bg4 12. dxc5 Bxf3 13. gxf3 bxc5 14. Bxc6
Nxc6 15. O-O-O d4 16. Ne4 Qd5 17. Kb1 Rab8 18. Rhg1 Kh8 19. Rg5 Nb4 20. b3 Nxa2
21. Qxa2 Rxb3+ 22. Ka1 d3 23. Nc3 Qc4 24. Rc1 Qb4 25. Rg2 Ra3 26. Rb2 Rxa2+ 27.
Kxa2 Qxf4 0-1

[Event "Tras-os-Montes op"]
[Site "Mirandela POR"]
[Date "2022.08.22"]
[Round "8.11"]
[White "Gedajlovic, Max"]
[Black "Valderrama Quiceno, Esteban Alberto"]
[Result "1-0"]
[WhiteElo "2316"]
[BlackElo "2440"]
[PlyCount "39"]
[EventDate "2022.08.17"]
[EventType "swiss"]
[EventRounds "9"]
[EventCountry "POR"]
[Source "ChessMix"]
[SourceDate "2022.09.01"]

1. d4 Nf6 2. Nf3 e6 3. e3 c5 4. Bd3 b6 5. O-O Bb7 6. c4 a6 7. Nc3 cxd4 8. exd4
d5 9. cxd5 Nxd5 10. Ne5 Nd7 11. Qf3 N7f6 12. Ne4 Be7 13. Ng5 O-O 14. Qh3 g6 15.
Qh6 Nc7 16. Be3 Bd5 17. h4 Nce8 18. h5 Ng7 19. hxg6 fxg6 20. Bxg6 1-0